00524nam a2200193 a 4500001001300000003000900013005001700022008004100039020002300080082001300103100001900116245004200135260004400177300000900221500003500230505002400265650002200289700001900311nice12345678IN_TiNIC20260116014706.0100806s2006 lona grp 000 0 eng  a9780198752769c39500a190bANT aKenny, Anthony aThe Rise of Modern Philosophy (vol.3) aLondan bOxford University Press c2006 a356p aincludes index and biblioraphy2 aIndex, Bibliography aPhilosophy-Modern1 aKenny, Anthony